000 00297nam a2200109Ia 4500
008 240624s9999 xx 000 0 und d
041 _aeng
082 _a658.056754 MAN
100 _aMANGINO MICHAEL
245 _aDEVELOPING FACEBOOK PLATFORM APPLICATION
260 _c2008
_aTexas
_bPragmatic Bookshelf
999 _c15931
_d15931